The edge of power / (Record no. 83922)

MARC details
000 -LEADER
fixed length control field 00801nam a22002417a 4500
005 - DATE AND TIME OF LATEST TRANSACTION
control field 20170505103753.0
010 ## - LCCN (DPL NO)
LC control number ENG-109902
020 ## - INTERNATIONAL STANDARD BOOK NUMBER
Terms of availability 275.00
International Standard Book Number 9789350097045
035 ## - SYSTEM CONTROL NUMBER
System control number EN-93435
035 ## - SYSTEM CONTROL NUMBER
System control number B-534682-686
035 ## - SYSTEM CONTROL NUMBER
System control number B-667480
037 ## - SOURCE OF ACQUISITION
Source of stock number/acquisition DBAD/PUB
037 ## - SOURCE OF ACQUISITION
Source of stock number/acquisition BSB/Ven
Stock number dpl
082 ## - DEWEY DECIMAL CLASSIFICATION NUMBER
Classification number N
100 ## - MAIN ENTRY--PERSONAL NAME
Personal name Sinha, Tuhin A.
245 00 - TITLE STATEMENT
Title The edge of power /
Statement of responsibility, etc by Tuhin A. Sinha
260 ## - PUBLICATION, DISTRIBUTION, ETC. (IMPRINT)
Place of publication, distribution, etc Gurgaon
Name of publisher, distributor, etc Hachette Book Publishing
Date of publication, distribution, etc 2013
270 ## - ADDRESS
Address Plot No.94, Sector 44
City Gurgaon
Postal code 122003
300 ## - PHYSICAL DESCRIPTION
Extent 303p.
Dimensions 20cm(pbk)
942 ## - ADDED ENTRY ELEMENTS (KOHA)
Source of classification or shelving scheme Dewey Decimal Classification
Item type English Books
Call number suffix SIN
Classification part N
Holdings
Withdrawn status Lost status Not for loan Collection code Home library Current library Date acquired Source of acquisition Cost, normal purchase price Full call number Barcode Copy number Cost, replacement price Koha item type
      Fiction Ashok Vihar Ashok Vihar 04/05/2017 BPPD/EN/2013-14/AV/16-17/363/15.02.2017/560/03.03.2017/17.3.2017 275.00 N SIN B-667480 1 275.00 English Books
      Fiction Bawana Bawana 12/08/2014 BSB/IN602/27.03.2014/143/25.03.2014/29.03.2014 275.00 N SIN B-534685 1 275.00 English Books
  Written-off vide DLB M. No. 383 dt 16.05.19   Fiction Central Library Central Library 12/08/2014 BSB/IN602/27.03.2014/143/25.03.2014/29.03.2014 275.00 N SIN B-534682 1 275.00 English Books
    Not For Loan Fiction D.B.Act.Division D.B.Act.Division 02/05/2014 DBAD / PUB 275.00 N SIN EN-93435 1 275.00 English Books
      Fiction Narela Narela 12/08/2014 BSB/IN602/27.03.2014/143/25.03.2014/29.03.2014 275.00 N SIN B-534686 1 275.00 English Books
  Written-off vide DLB M. No. 383 dt 16.05.19   Fiction Sarojini Nagar Sarojini Nagar 12/08/2014 BSB/IN602/27.03.2014/143/25.03.2014/29.03.2014 275.00 N SIN B-534683 1 275.00 English Books
      Fiction Vinoba Puri Vinoba Puri 12/08/2014 BSB/IN602/27.03.2014/143/25.03.2014/29.03.2014 275.00 N SIN B-534684 1 275.00 English Books

© Delhi Public Library
Hit Counter
free hit counter